000 01453nam a22002537a 4500
003 Uzh_bibl
008 260428b |||||||| |||| 00| 0 ukr d
020 _a5-7720-0155-8
_c0.70
040 _aукр.
041 _2ukr
_aukr
080 _a821(477)
090 _a821(477)
_bН 84
100 _aНосань, Сергій
245 _aГолгофа любові
_hТекст
260 _aКиїв
_bМолодь
_c1989
300 _a168 с.
520 _aВикористовуючи численні архівні документи, наукові дослідження та народні перекази і легенди, автор відтворює картини життя і подвигу видатного декабриста з України Василя Львовича Давидова та його дружини. Їх велике кохання - один із лейтмотивів твору.
521 _aДля широкого кола читачів
546 _aукр.
650 _aЛітературно-художнє видання
_yДруга половина ХХ століття (радянський період)
_zУкраїна (переважно сільська місцевість і місто)
653 _aЛюбов
_aСтраждання
_aВибір
_aЖиття
_aМораль
655 _aСоціально-психологічний роман
_vРоман
942 _2udc
_cBK
999 _c17542
_d17542